Loading...
| Literature - American Literature | 0 | 5 | 0 | 0 | 50 | 79 | 104.60 | 2 | 3 |
| Literature - World Literature | 0 | 5 | 1 | 0 | 45 | 108 | 126.20 | 0 | 1 |
| Other | 0 | 4 | 0 | 0 | 40 | 81 | 96.25 | 2 | 2 |
| Literature - European Literature | 0 | 4 | 0 | 0 | 40 | 134 | 143.00 | 0 | 0 |
| Fine Arts - Classical Music | 0 | 4 | 2 | 0 | 30 | 50 | 97.50 | 2 | 2 |
| Social Science | 0 | 2 | 0 | 0 | 20 | 93 | 93.50 | 1 | 2 |
| Literature - British Literature | 0 | 2 | 0 | 0 | 20 | 110 | 112.50 | 1 | 2 |
| Philosophy | 0 | 2 | 0 | 1 | 20 | 134 | 136.50 | 0 | 0 |
| History - Other History | 0 | 1 | 0 | 0 | 10 | 136 | 136.00 | 0 | 1 |
| History - European History | 0 | 1 | 0 | 0 | 10 | 130 | 130.00 | 0 | 0 |
| History - American History | 0 | 1 | 0 | 1 | 10 | 134 | 134.00 | 0 | 0 |
| Mythology | 0 | 1 | 0 | 0 | 10 | 144 | 144.00 | 0 | 0 |
| Fine Arts - Painting & Sculpture | 0 | 1 | 0 | 0 | 10 | 130 | 130.00 | 0 | 0 |
| Religion | 0 | 1 | 0 | 0 | 10 | 122 | 122.00 | 0 | 0 |
| Science - Physics | 0 | 1 | 0 | 0 | 10 | 129 | 129.00 | 0 | 0 |
| History - World History | 0 | 1 | 1 | 0 | 5 | 127 | 127.00 | 0 | 0 |
| Fine Arts - Other Fine Arts | 0 | 1 | 3 | 0 | -5 | 107 | 107.00 | 1 | 1 |